Списки депутаций от губернских земств, приносящих поздравления императору и императрице (царской чете) по случаю 300-летия царст...

Доступно только в Электронных читальных залах Найти на картеНа карте
RUSMARC
00003591nmc2a22002413x 450
00167fce3d9-3b7c-433c-979f-376eaa114e39
00520251031155901.0
100##$a20250610l19131913k l0rusy0189 ca
1010#$arus
102##$aRU
105##$ay###
1222#$ad
2001#$aСписки депутаций от губернских земств, приносящих поздравления императору и императрице (царской чете) по случаю 300-летия царствования Дома Романовых 22 февраля 1913 года
$j19 февраля 1913 г.
215##$a26 л.
$d36,5х26 см
251##$cДело
300##$aДело
371##$aДокумент не является опубликованным и широко распространяемым
461#0$10011beca410-31e9-4f28-916a-592ca9443f69
$12001
$aЦеремониальная часть Министерства императорского двора
$1251
$cФонд
$1852
$j473
462#0$1001a54d7da2-27dc-4d4e-832c-8830aaafd738
$12001
$aЦеремониальная часть Министерства императорского двора
$1251
$cОпись
$1852
$j3
801#0$aRU
$bРГИА
$c20250610
$gRCR
801#1$aRU
$bГлавНИВЦ
$c20250610
$2rusmarc
801#2$aRU
$bПБ им. Б.Н. Ельцина
$c20251031
$gRCR
$2rusmarc
850##$aРГИА
852##$aРГИА
$eФедеральное казенное учреждение "Российский государственный исторический архив" (РГИА)
$j715
937##$hРГИА
$d12424807
$aASBIBLIO_SCAN
035##$aRusGRCC00086787
856##$uhttp://readingroom.main.prlib.ru/item.aspx?id_node=n198823587&mode=full
Формат отображения